000
00310nam a22001337a 4500
008
170206b xxu||||| |||| 00| 0 eng d
020
_a
9780838513972
041
_a
eng
080
_2
4ED
_a
61
100
_a
3
101
_a
SHM
245
_a
CULTURAL DIVERSITY HEALTH ILLNES
_c
RACHELL E SPECTOR
942
_2
udc
_c
BK
999
_c
4740
_d
4740